000 00677nam a2200265Ia 4500
001 Para_8999
003 CHAP
008 220125s2002 xx 000 0 und d
010 _a207777
040 _cCHAP
082 _aPA 646.7 C63
100 _aCoelho, Paulo
_9136682
245 _aEl alquimista /
_c por Paulo Coelho
260 _aMéxico, D.F. :
_b Grijalbo
300 _a203 p.
650 _aMotivación (psicología)
_979090
650 _aSuperación personal
_9143097
901 _aPA 646.7 C63
902 _aA
905 _a0000002002 x 0000000000 00
910 _a2002
942 _cPARA
942 _cPARA
_d1
999 _c207777
_d207777